<?xml version="1.0" encoding="UTF-8"?>
<record
    xmlns:xsi="http://www.w3.org/2001/XMLSchema-instance"
    xsi:schemaLocation="http://www.loc.gov/MARC21/slim http://www.loc.gov/standards/marcxml/schema/MARC21slim.xsd"
    xmlns="http://www.loc.gov/MARC21/slim">

  <leader>00870nam a22002177a 4500</leader>
  <controlfield tag="005">20220128125747.0</controlfield>
  <controlfield tag="008">220122b           ||||| |||| 00| 0 eng d</controlfield>
  <datafield tag="040" ind1=" " ind2=" ">
    <subfield code="c">AL</subfield>
  </datafield>
  <datafield tag="041" ind1=" " ind2=" ">
    <subfield code="a">kan</subfield>
  </datafield>
  <datafield tag="082" ind1=" " ind2=" ">
    <subfield code="2">23</subfield>
    <subfield code="a">324.2092K</subfield>
    <subfield code="b">JAVS</subfield>
  </datafield>
  <datafield tag="100" ind1=" " ind2=" ">
    <subfield code="a">De Javaregauda: &#xCA6;&#xCC7;  &#xC9C;&#xCB5;&#xCB0;&#xCC7;&#xC97;&#xCCC;&#xCA1; ...[et. al] Ed</subfield>
    <subfield code="9">15050</subfield>
  </datafield>
  <datafield tag="245" ind1=" " ind2=" ">
    <subfield code="a">S M Krishna: Baduku Sadhane:  &#xC8E;&#xCB8;&#xCCD; &#xC8E;&#xC82; &#xC95;&#xCC3;&#xCB7;&#xCCD;&#xCA3; &#xCAC;&#xCA6;&#xCC1;&#xC95;&#xCC1; &#xCB8;&#xCBE;&#xCA7;&#xCA8;&#xCC6; </subfield>
  </datafield>
  <datafield tag="260" ind1=" " ind2=" ">
    <subfield code="a">Maisuru</subfield>
    <subfield code="b">Vanashri Prakashana</subfield>
    <subfield code="c">1999</subfield>
  </datafield>
  <datafield tag="300" ind1=" " ind2=" ">
    <subfield code="a">722 p.</subfield>
    <subfield code="b">HB</subfield>
    <subfield code="c">22x15 cm.</subfield>
  </datafield>
  <datafield tag="365" ind1=" " ind2=" ">
    <subfield code="b">450.00</subfield>
    <subfield code="c">&#x20B9;</subfield>
    <subfield code="d">450.00</subfield>
  </datafield>
  <datafield tag="650" ind1=" " ind2=" ">
    <subfield code="a">Biography: &#xC9C;&#xCC0;&#xCB5;&#xCA8; &#xC9A;&#xCB0;&#xCBF;&#xCA4;&#xCCD;&#xCB0;&#xCC6; </subfield>
    <subfield code="9">14367</subfield>
  </datafield>
  <datafield tag="650" ind1=" " ind2=" ">
    <subfield code="a">Politician: &#xCB0;&#xCBE;&#xC9C;&#xC95;&#xCBE;&#xCB0;&#xCA3;&#xCBF; </subfield>
    <subfield code="9">14368</subfield>
  </datafield>
  <datafield tag="700" ind1=" " ind2=" ">
    <subfield code="a">JAVAREGAUDA (Dhe): &#xC9C;&#xCB5;&#xCB0;&#xCC7;&#xC97;&#xCCC;&#xCA1; (&#xCA6;&#xCC7; ) Ed</subfield>
    <subfield code="9">14369</subfield>
  </datafield>
  <datafield tag="700" ind1=" " ind2=" ">
    <subfield code="a">VISHNUMURTHI (H C): &#xCB5;&#xCBF;&#xCB7;&#xCCD;&#xCA3;&#xCC1; &#xCAE;&#xCC2;&#xCB0;&#xCCD;&#xCA4;&#xCBF; (&#xC8E;&#xC9A;&#xCCD; &#xCB8;&#xCBF;) Ed</subfield>
    <subfield code="9">14375</subfield>
  </datafield>
  <datafield tag="942" ind1=" " ind2=" ">
    <subfield code="2">ddc</subfield>
    <subfield code="c">GF</subfield>
  </datafield>
  <datafield tag="999" ind1=" " ind2=" ">
    <subfield code="c">221306</subfield>
    <subfield code="d">221306</subfield>
  </datafield>
  <datafield tag="952" ind1=" " ind2=" ">
    <subfield code="0">0</subfield>
    <subfield code="1">0</subfield>
    <subfield code="2">ddc</subfield>
    <subfield code="4">0</subfield>
    <subfield code="7">0</subfield>
    <subfield code="8">PS</subfield>
    <subfield code="a">AL</subfield>
    <subfield code="b">AL</subfield>
    <subfield code="d">2013-03-24</subfield>
    <subfield code="l">0</subfield>
    <subfield code="o">324.2092K JAVS</subfield>
    <subfield code="p">GF02912</subfield>
    <subfield code="r">2022-01-22 00:00:00</subfield>
    <subfield code="w">2022-01-22</subfield>
    <subfield code="y">GF</subfield>
  </datafield>
</record>
